| 000 | 00439nam a22001577a 4500 | ||
|---|---|---|---|
| 005 | 20260209141425.0 | ||
| 008 | 260209b |||||||| |||| 00| 0 eng d | ||
| 020 | _a9781118760635 | ||
| 082 |
_a658 _bWEY B22755 |
||
| 100 |
_aWeybrecht G _9175226 |
||
| 245 |
_aThe Sustainable MBA: _b A Business Guide to Sustainability _c2nd Ed. |
||
| 260 |
_aUK _bJohn Wiley & Sons _c2014 |
||
| 300 | _a456p | ||
| 500 | _aGeneral Management | ||
| 942 | _cRF | ||
| 999 |
_c370383 _d370383 |
||